Alcohol y alcoholismo, información general
Сохранить в:
| Соавтор: | |
|---|---|
| Формат: | Текст |
| Опубликовано: |
San Pedro de M. de O.:
INSA. Sección de publicaciones
|
| Редактирование: | 3 |
| Предметы: | |
| Метки: |
Добавить метку
Нет меток, Требуется 1-ая метка записи!
|
MARC
| LEADER | 00000 a a2200000 04500 | ||
|---|---|---|---|
| 001 | 14561 | ||
| 003 | |||
| 040 | |||
| 090 | |a 014000 | ||
| 110 | |a Instituto Nacional sobre Alcoholismo. Departamento de Educación (Costa Rica) | ||
| 245 | |a Alcohol y alcoholismo, información general | ||
| 250 | |a 3 | ||
| 260 | |a San Pedro de M. de O.: |b INSA. Sección de publicaciones | ||
| 300 | |a 28 p. | ||
| 650 | |a ALCOHOLISMO | ||
| 999 | |c 13569 |d 13569 | ||
